000 01823cam a2200205 a 4500
020 _a0805827757
020 _a9780805827750
020 _a0805827765
020 _a9780805827767
040 _cDLC
082 0 0 _a371 UNT 1990 C165 Or.
100 1 _aWeinberg, Meyer,
245 1 0 _aAsian-American education :
_bhistorical background and current realities /
300 _ax, 343 pages :
_bmap ;
_c24 cm
490 1 _aSociocultural, political, and historical studies in education
520 _aAsian-American Education: Historical Background and Current Realities fills a gap in the study of the social and historical experiences of Asians in U.S. schools. It is the first historical work to provide American readers with information about highly individual ethnic groups rather than viewing distinctly different groups as one vague, global entity such as "Asians." The people who populate each chapter are portrayed as active participants in their history rather than as passive victims of their culture
520 8 _aEach of the twelve country-specific chapters begins with a description of the kind of education received in the home country, including how widely available it was, how equal or unequal the society was, and what the circumstances were under which the emigration of children from the country occurred. The latter part of each of these chapters deals with the education these children have received in the United States. Throughout the book, instead of dwelling on a relatively narrow range of children who perform spectacularly well, the author tries to discover the educational situation typical among average students. The order of chapters is roughly chronological in terms of when the first sizable numbers of immigrants came from a specific country
650 0 _aAsian Americans
942 _cAEDBB
999 _c19338
_d19338